| 000 | 00970nam a2200289 i 4500 | ||
|---|---|---|---|
| 001 | 000011140 | ||
| 003 | DO-SdBNP | ||
| 005 | 20250204123313.0 | ||
| 007 | ta | ||
| 008 | 091014s2000 dr a r 001 p spa d | ||
| 040 |
_aDO-SdBNP _bspa _cBNPHU _erda |
||
| 082 | 4 |
_aRD861.44 _bR466i, 2000 _222 |
|
| 100 |
_aReynoso de Abud, Ana Silvia, _925318 _eautor _4aut. |
||
| 245 | 1 | 0 |
_aIntimísmo : _bpoemas / _cAna Silvia Reynoso de Abud ; prólogo, Mateo Morrison. |
| 250 | _asegunda edición | ||
| 264 | 1 |
_aSanto Domingo : _bEditora Cocolo, _c2000. |
|
| 300 |
_a96 páginas : _bilustraciones ; _c21 cm. |
||
| 336 |
_atexto _btxt _2rdacontent |
||
| 337 |
_asin mediación _bn _2rdamedia |
||
| 338 |
_avolumen _bnc _2rdacarrier |
||
| 590 | _aInventariado, 2018/BT | ||
| 650 | 4 |
_aPoesía dominicana _966 |
|
| 650 | 4 |
_aLiteratura dominicana. _967 |
|
| 700 | 1 |
_aMorrison, Mateo, _d1947- _eprologuista _4pr. _91469 |
|
| 910 | _aValidado. Control de calidad. MMOLINA | ||
| 942 |
_2ddc _cLBS1 |
||
| 999 |
_c10865 _d10865 |
||